000
00409nam a22001697a 4500
003
MPLRDC
005
20220104123749.0
008
210129b ||||| |||| 00| 0 eng d
082
_a
414.8 CCR
100
_a
陈存仁主编
245
_a
伤科跌打验方
_c
260
_a
_b
震旦图书公司
_c
300
_b
平
490
_a
中国名医验方汇编. 1
650
_a
医话
942
_c
BK
_o
414.8 CCR
999
_c
14004
_d
13994